| 000 | 00788nam a22002297a 4500 | ||
|---|---|---|---|
| 999 |
_c64545 _d64545 |
||
| 005 | 20240530110737.0 | ||
| 008 | 180904s2009 ua g 000 0 ara d | ||
| 017 |
_a2009/2109 _bمصر. دار الكتب |
||
| 020 | _a9774361568 | ||
| 040 |
_aEG-CaGPL _cEG-CaGPL |
||
| 082 | 0 | 4 |
_221 _a216 / _bم م |
| 100 | 0 | _aمحمود القاعود | |
| 245 | 1 | 0 |
_aمحنة العقل عند زكريا بطرس / _cتاليف محمود القاعود |
| 250 | _aط.1 | ||
| 260 |
_aالقاهرة : _c2009. _bمكتبة النافذة، |
||
| 300 |
_a429 ص ؛ _c24 سم. |
||
| 650 | 0 | 7 |
_2qrmak _aالاسلام _xدفع مطاعن |
| 650 | 0 | 7 |
_2qrmak _aالاسلام والاصلاح الاجتماعى |
| 651 | _2qrmak | ||
| 942 |
_2ddc _cBK |
||